000 00656nam a2200205 i 4500
001 171030
003 ES-MaACL
005 20240224132755.0
008 090422s2009 sp d |||| | spa d
017 _aM 7.058-2009
020 _a978-84-249-3587-0
080 _a(038)=134.2'373.42
245 0 0 _aDiccionario de sinónimos y antónimos.
260 _aMadrid :
_bGredos,
_c2009.
300 _aX, 1075 p. ;
_c26 cm.
650 0 4 _aLengua española-
_xSinónimos y antónimos-
_vDiccionarios.
_914187
852 _aES-MaACL
_jA-15189
_bR.144769
_9 177660
_cDEPO1
_dOlim: DIC- L 134.2'373 dic
_dOlim: Meseton
942 _2udc
999 _c171030
_d171030